[Event "SVK-ch U10"]
[Site "Liptovsky Mikulas"]
[Date "2018.04.25"]
[Round "7"]
[White "Smetana, Peter"]
[Black "Kovac, Radovan"]
[Result "1-0"]
[WhiteElo "1000"]
[BlackElo "1000"]
[PlyCount "99"]
[EventDate "2018.04.21"]
[EventType "swiss"]
[EventRounds "9"]
[EventCountry "SVK"]
[SourceTitle "CBM 184 Extra"]
[Source "ChessBase"]
[SourceDate "2018.06.28"]
[SourceVersion "1"]
[SourceVersionDate "2018.06.28"]
[SourceQuality "1"]

1. e4 c5 2. Nf3 Nc6 3. d4 cxd4 4. Nxd4 g6 5. b3 Bg7 6. Bb2 d5 7. Nxc6 bxc6 8. Bxg7 Qa5+ 9. Qd2 Qxd2+ 10. Nxd2 f6 11. exd5 cxd5 12. Bxh8 Bf5 13. Bd3 Bxd3 14. cxd3 Rc8 15. 0-0 Rc2 16. Nf3 h5 17. h4 Nh6 18. Bg7 Ng4 19. Nd4 Rd2 20. Rfd1 Rxf2 21. Rf1 Rd2 22. Rf3 g5 23. Nf5 gxh4 24. Nxh4 Ne5 25. Re3 Nxd3 26. Bxf6 e6 27. Bg5 Rf2 28. Rxe6+ Kd7 29. Rf6 Rxf6 30. Bxf6 Ke6 31. Rd1 Nb2 32. Rd2 Kxf6 33. Rxb2 Ke5 34. Kf2 Ke4 35. Ke2 d4 36. Rd2 Kd5 37. Nf3 Ke6 38. Rxd4 Kf5 39. a4 Ke6 40. b4 Kf6 41. b5 Kf7 42. a5 Ke7 43. b6 axb6 44. axb6 Ke8 45. b7 Kf8 46. b8Q+ Kf7 47. Qb6 Ke7 48. Ne5 Ke8 49. Rd7 Kf8 50. Qb8# 1-0

[Event "SVK-ch U10"]
[Site "Liptovsky Mikulas"]
[Date "2018.04.24"]
[Round "6"]
[White "Kovac, Radovan"]
[Black "Mauks, Oleg"]
[Result "1-0"]
[WhiteElo "1000"]
[BlackElo "1000"]
[PlyCount "27"]
[EventDate "2018.04.21"]
[EventType "swiss"]
[EventRounds "9"]
[EventCountry "SVK"]
[SourceTitle "CBM 184 Extra"]
[Source "ChessBase"]
[SourceDate "2018.06.28"]
[SourceVersion "1"]
[SourceVersionDate "2018.06.28"]
[SourceQuality "1"]

1. e4 e5 2. Nf3 Bc5 3. Nxe5 Qf6 4. d4 Bd6 5. Nf3 Bb4+ 6. Nc3 d6 7. Bc4 Bg4 8. Bg5 Bxf3 9. Bxf6 Bxd1 10. Bxg7 Bxc3+ 11. bxc3 Nd7 12. Bxh8 Bxc2 13. 0-0 Bxe4 14. Rfe1 1-0

[Event "SVK-ch U10"]
[Site "Liptovsky Mikulas"]
[Date "2018.04.24"]
[Round "5"]
[White "Popelka, Filip"]
[Black "Kovac, Radovan"]
[Result "1/2-1/2"]
[WhiteElo "1000"]
[BlackElo "1000"]
[PlyCount "97"]
[EventDate "2018.04.21"]
[EventType "swiss"]
[EventRounds "9"]
[EventCountry "SVK"]
[SourceTitle "CBM 184 Extra"]
[Source "ChessBase"]
[SourceDate "2018.06.28"]
[SourceVersion "1"]
[SourceVersionDate "2018.06.28"]
[SourceQuality "1"]

1. e4 e5 2. Bc4 Nf6 3. Nf3 Nc6 4. Nc3 Bb4 5. d3 Bxc3+ 6. bxc3 0-0 7. 0-0 d5 8. exd5 Nxd5 9. Bg5 Qd6 10. Bxd5 Qxd5 11. h3 Bf5 12. c4 Qc5 13. c3 f6 14. Be3 Qa5 15. d4 Rad8 16. a4 exd4 17. cxd4 Qc3 18. Rc1 Qd3 19. Qxd3 Bxd3 20. Rfd1 Be4 21. d5 Ne5 22. Nxe5 fxe5 23. g3 c6 24. dxc6 Rxd1+ 25. Rxd1 Bxc6 26. Bg5 Bxa4 27. Rd8 Rxd8 28. Bxd8 b5 29. cxb5 Bxb5 30. f4 exf4 31. gxf4 Kf7 32. Kg2 Ke6 33. Kg3 Kd7 34. Ba5 Ke6 35. Kg4 h6 36. h4 Kf6 37. h5 g6 38. Bc3+ Kf7 39. hxg6+ Kxg6 40. f5+ Kf7 41. Bd2 Kf6 42. Bxh6 a5 43. Bc1 a4 44. Kf4 Bd3 45. Bb2+ Kf7 46. Ke5 Bxf5 47. Kxf5 Ke7 48. Ke5 Kd7 49. Kd5 1/2-1/2